Statistics for Second Biggest City by Country #2

Click here to take the quiz!

General Stats

  • This quiz has been taken 258 times
  • The average score is 13 of 20

Answer Stats

PopulationCountryCity% Correct
1.029 MIsraelJerusalem
90%
1.672 MPortugalPorto
89%
1.725 MPolandKrakow
88%
2.106 MUnited Arab EmiratesDubai
85%
194.458 KSwitzerlandGeneva
84%
7.132 MPakistanLahore
83%
6.979 MNetherlandsAmsterdam
81%
814.401 KKazakhstanAstana
78%
3.592 MColombiaMedellin
73%
1.210 MSwedenGothenburg
72%
1.711 MSyriaDamascus
67%
3.010 MNigeriaAbuja
67%
1.104 MGreeceThessaloniki
62%
1.732 MUkraineKharkiv
48%
5.622 MIndonesiaSurabaya
48%
1.454 MAlgeriaOran
43%
3.603 MVenezuelaMaracaibo
41%
200.659 KCote d'IvoireYamoussoukro
36%
1.786 MDemocratic Republic of CongoLubumbashi
25%
2.671 MSudanOmdurman
15%

Score Distribution

Percentile by Number Answered

Percent of People with Each Score

Your Score History

You have not taken this quiz